|
|
|
|
| LEADER |
03597nam a22005415i 4500 |
| 001 |
978-3-319-47512-7 |
| 003 |
DE-He213 |
| 005 |
20170202140930.0 |
| 007 |
cr nn 008mamaa |
| 008 |
170202s2017 gw | s |||| 0|eng d |
| 020 |
|
|
|a 9783319475127
|9 978-3-319-47512-7
|
| 024 |
7 |
|
|a 10.1007/978-3-319-47512-7
|2 doi
|
| 040 |
|
|
|d GrThAP
|
| 050 |
|
4 |
|a QA329-329.9
|
| 072 |
|
7 |
|a PBKF
|2 bicssc
|
| 072 |
|
7 |
|a MAT037000
|2 bisacsh
|
| 082 |
0 |
4 |
|a 515.724
|2 23
|
| 245 |
1 |
0 |
|a Pseudo-Differential Operators: Groups, Geometry and Applications
|h [electronic resource] /
|c edited by M. W. Wong, Hongmei Zhu.
|
| 264 |
|
1 |
|a Cham :
|b Springer International Publishing :
|b Imprint: Birkhäuser,
|c 2017.
|
| 300 |
|
|
|a VIII, 239 p. 23 illus., 11 illus. in color.
|b online resource.
|
| 336 |
|
|
|a text
|b txt
|2 rdacontent
|
| 337 |
|
|
|a computer
|b c
|2 rdamedia
|
| 338 |
|
|
|a online resource
|b cr
|2 rdacarrier
|
| 347 |
|
|
|a text file
|b PDF
|2 rda
|
| 490 |
1 |
|
|a Trends in Mathematics,
|x 2297-0215
|
| 505 |
0 |
|
|a Pseudo-Differential Operators on the Affine Group -- Pseudo-Differential Operators on Non-Isotropic Heisenberg Groups with Multi-Dimensional Center -- Curvatures of the Heisenberg Group -- Ellipticity with Global Projection Conditions -- Multilinear Localization Operators Associated to Quaternion Fourier Transforms -- A Time-Frequency Relationship between the Langevin Equation and the Harmonic Oscillator -- Are There Quantum Operators and Wave Functions in Standard Probability Theory -- A Class of Non-Markovian Pseudo-Differential Operators of Lévy Type -- On the Solvability of Some Systems of Integro-Differential Equations with Anomalous Diffusion -- Visualizing Discrete Complex-Valued Time-Frequency Representations -- The Reassigned Spectrogram of the Stockwell transform -- Continuous Multi-Wavelet Transforms for Blind Signal Separation. .
|
| 520 |
|
|
|a This volume consists of papers inspired by the special session on pseudo-differential operators at the 10th ISAAC Congress held at the University of Macau, August 3-8, 2015 and the mini-symposium on pseudo-differential operators in industries and technologies at the 8th ICIAM held at the National Convention Center in Beijing, August 10-14, 2015. The twelve papers included present cutting-edge trends in pseudo-differential operators and applications from the perspectives of Lie groups (Chapters 1-2), geometry (Chapters 3-5) and applications (Chapters 6-12). Many contributions cover applications in probability, differential equations and time-frequency analysis. A focus on the synergies of pseudo-differential operators with applications, especially real-life applications, enhances understanding of the analysis and the usefulness of these operators.
|
| 650 |
|
0 |
|a Mathematics.
|
| 650 |
|
0 |
|a Operator theory.
|
| 650 |
|
0 |
|a Partial differential equations.
|
| 650 |
|
0 |
|a Information theory.
|
| 650 |
|
0 |
|a Differential geometry.
|
| 650 |
|
0 |
|a Probabilities.
|
| 650 |
1 |
4 |
|a Mathematics.
|
| 650 |
2 |
4 |
|a Operator Theory.
|
| 650 |
2 |
4 |
|a Partial Differential Equations.
|
| 650 |
2 |
4 |
|a Differential Geometry.
|
| 650 |
2 |
4 |
|a Probability Theory and Stochastic Processes.
|
| 650 |
2 |
4 |
|a Information and Communication, Circuits.
|
| 700 |
1 |
|
|a Wong, M. W.
|e editor.
|
| 700 |
1 |
|
|a Zhu, Hongmei.
|e editor.
|
| 710 |
2 |
|
|a SpringerLink (Online service)
|
| 773 |
0 |
|
|t Springer eBooks
|
| 776 |
0 |
8 |
|i Printed edition:
|z 9783319475110
|
| 830 |
|
0 |
|a Trends in Mathematics,
|x 2297-0215
|
| 856 |
4 |
0 |
|u http://dx.doi.org/10.1007/978-3-319-47512-7
|z Full Text via HEAL-Link
|
| 912 |
|
|
|a ZDB-2-SMA
|
| 950 |
|
|
|a Mathematics and Statistics (Springer-11649)
|